| 000 | 00620naa a2200205 a 4500 | ||
|---|---|---|---|
| 001 | 85624 | ||
| 003 | BD-RjUL | ||
| 005 | 20250903095054.0 | ||
| 008 | 250903s1962 ii ||||| |||| 00| 0 urd d | ||
| 035 | _a(BD-RjUL)85624 | ||
| 040 |
_aBD-RjUL _beng _cBD-RjUL |
||
| 041 | _aurd | ||
| 082 |
_223 _a891.439109 _bKHT 1962 |
||
| 100 |
_aخاں ،محمود علی ;; Khan, Mahmood Ali _916742 |
||
| 245 |
_aتذکرہ جگر ;; tazkarah jagr / _cمحمود علی خاں ;;; Mahmood Ali Khan, |
||
| 260 |
_aNew Delhi : _bMaktubai jamiah , _c1962 |
||
| 300 |
_a176 p. ; _c17 cm |
||
| 650 |
_atajkirah _916743 |
||
| 942 |
_2ddc _cBK |
||
| 999 |
_c85624 _d85624 |
||